Introduction to gaming: management decision simulations /

Bibliographic Details
Main Author: Carlson, John G. H.
Other Authors: Misshauk, Michael J.
Format: Book
Language:English
Published: New York : J. Wiley, [1972]
Series:Wiley series in management and administration.
Subjects:

MARC

Tag First Indicator Second Indicator Subfields
LEADER 00000cam a2200000 4500
001 in00000038843
005 20151007081328.0
008 720515s1972 nyua b 00010 eng
010 |a  73175790  
020 |a 0471134856 
035 |a (OCoLC)00324146 
035 |9 AAF6214AM 
040 |a DLC  |c DLC  |d TXA  |d UtOrBLW 
049 |a TXAM  |c 1 [1015426], 2 [1115065] 
050 0 0 |a HD20.7  |b .C3 
082 0 |a 658.4/035 
100 1 |a Carlson, John G. H. 
245 1 0 |a Introduction to gaming: management decision simulations /  |c [by] John G. H. Carlson [and] Michael J. Misshauk. 
264 1 |a New York :  |b J. Wiley,  |c [1972] 
300 |a viii, 184 pages :  |b illustrations ;  |c 26 cm. 
336 |a text  |b txt  |2 rdacontent 
337 |a unmediated  |b n  |2 rdamedia 
338 |a volume  |b nc  |2 rdacarrier 
490 1 |a The Wiley series in management and administration 
504 |a Includes bibliographies. 
650 0 |a Management games. 
700 1 |a Misshauk, Michael J. 
830 0 |a Wiley series in management and administration. 
999 |a MARS 
999 f f |s aa32a8d4-6c99-346b-9ccd-53f5e86b08c6  |i ff098779-8702-3d58-b940-deb226d781f8  |t 0 
952 f f |p normal  |a Texas A&M University  |b College Station  |c Sterling C. Evans Library  |d Evans: Library Stacks  |t 0  |e HD20.7 .C3  |h Library of Congress classification  |i unmediated -- volume  |m A14802609077 
998 f f |a HD20.7 .C3  |t 0  |l Evans: Library Stacks